Modern Day Countries under Italian Rule - Statistics

General Stats
  • This quiz has been taken 1,039 times
  • The average score is 20 of 25
Answer Stats
Hint Answer % Correct
Annexed in 1911, gained from a declining Empire; brutally subdued in the 1920s Libya
96%
Protectorate over this independent empire was craved for a long time; brutally occupied from 1936 Ethiopia
95%
Portions of this country previously owned by Italian pre-unitarian States; partly occupied during WWII France
94%
Part of this country annexed in 1911; another part occupied for a short in 1923; as a whole it was attacked unsuccessfully during WWII Greece
93%
This microstate was neved formally annexed but it was deeply influenced under every point of view during the Fascism San Marino
92%
Part of this country had been Italian-speaking for centuries, annexed after WWI; occupied further during WWII Slovenia
92%
Part of this country had been Italian-speaking for centuries, annexed after WWI; occupied further during WWII (a brutal puppet regime was also created) Croatia
91%
This country appeared for the first time as a whole in 1917 under Italian influence; definitively annexed in 1939, kept until WWII Albania
90%
Attacked during WWII with German aid; the advance was stopped by the British in a breakthrough battle Egypt
90%
Acquired during colonial "scramble" (1880s); kept until WWII Eritrea
88%
Not directly annexed but occupied by the puppet state of the above Bosnia and Herzegovina
87%
Acquired during colonial "scramble" (1880s); kept until 1960 under UN Trusteeship Somalia
87%
Tiny parts of this country were annexed for a short time during WWII Serbia
86%
Annexed by a rival colonial power in 1881 despite the presence of flourishing expat community; occupied for a short during WWII Tunisia
86%
This microstate was "mildly" occupied for a short during WWII Monaco
83%
Portions of this country directly annexed during WWII; mostly was made a puppet governatorate Montenegro
83%
Italy intervened in a civil war in this country; afterwards it kept a stronghold for a short Spain
81%
A coastal city within this former Empire was occupied for a short (1919-1922) Turkey
81%
Annexed for a short time during WWII Kosovo
76%
Unsuccessfull advance in this country during WWII Sudan
75%
Part of this country was annexed for a short time during WWII Macedonia
68%
Unsuccessfull advance in this country during WWII South Sudan
63%
Unsuccessfull advance in this country during WWII Kenya
62%
Commercial and military concession within a coastal city obtained in 1901, kept until WWII China
50%
Today it is an unrecognized country; it was occupied for a short overruling the British during WWII Somaliland
28%
No matching quizzes found
Score Distribution
Percent of People with Each Score
Percentile by Number Answered
Your Score History
You have not taken this quiz